000 00335nam a22001457a 4500
008 230329b ||||| |||| 00| 0 eng d
020 _a2900471755257
041 _aeng
080 _2FOURTH EDITION
_a33
082 _a33TRE
100 _a23
101 _aBIZNES
245 _aMANAGING BUSINESS ETHICS
_cTREVINO.K.L
942 _2udc
_cBK
999 _c59478
_d59478